00000000cam 2200000zi 4500
0019.955383
003CaOODSP
00520260604152458
006m     o  d f      
007cr bn|||||||||
008250916t20252025onc     ob   f000 0 fre d
020 |a9780660789866
040 |aCaOODSP|bfre|erda|cCaOODSP
043 |an-cn---
0861 |aBT48-30/2025F-PDF
24500|aDirective sur les services et le numérique.
264 1|aOttawa, Ontario : |bSecrétariat du Conseil du trésor du Canada = Treasury Board of Canada Secretariat, |c2025.
264 4|c©2025
300 |a1 ressource en ligne (26 pages non numérotées)
336 |atexte|btxt|2rdacontent/fre
337 |ainformatique|bc|2rdamedia/fre
338 |aressource en ligne|bcr|2rdacarrier/fre
500 |aTitre de la couverture.
500 |aPublié aussi en anglais sous le titre : Directive on service and digital.
500 |a« Publié : le 2025-10-02. »
504 |aComprend des références bibliographiques (page [23]).
650 6|aTransmission numérique|xPolitique gouvernementale|zCanada.
650 6|aInternet dans l'administration publique|zCanada.
651 6|aCanada|xServices d'information.
7101 |aCanada. |bConseil du trésor, |eorganisme de publication.
77508|tDirective on service and digital.|w(CaOODSP)9.955382
795 |tDirective sur les services et le numérique.|b2021|w(CaOODSP)9.899839
85640|qPDF|s426 Ko|uhttps://publications.gc.ca/collections/collection_2026/sct-tbs/BT48-30-2025-fra.pdf
8564 |qHTML|sS.O.|uhttps://www.tbs-sct.canada.ca/pol/doc-fra.aspx?id=32601